000 01650nam a22004217a 4500
003 CHAP
005 20250515062730.0
008 080210s2008 mx a r 00010 spa d
010 _a95799
011 _a96771
035 _a107427
040 _cCHAP
090 _aTesis
100 1 _aJaspeado Montiel, Ricardo
_961211
245 1 0 _aAnálisis de rentabilidad y sensibilidad del cultivo de maíz de riego y temporal en México en el periodo 2005 - 2008
_c/por Ricardo Jaspeado Montiel
260 _aChapingo, Méx. :
_bEl autor,
_c2008
300 _a64 h. :
_bcuadros, gráfs.
502 _aTesis (Lic. en Economía Agrícola) -- UACH. División de Ciencias Económico Adminstrativas
530 _aTambién disponible en línea
590 _aALEPH
_b10
_c20130110
_lUCH01
_h1526
590 _aBATCH-UPD
_b10
_c20130110
_lUCH01
_h0303
590 _aBATCH-UPD
_b10
_c20130110
_lUCH01
_h1721
590 _aBATCH-UPD
_b10
_c20130409
_lUCH01
_h2335
590 _aBATCH-UPD
_b10
_c20130913
_lUCH01
_h2155
590 _aBATCH-UPD
_b10
_c20140324
_lUCH01
_h1510
590 _aBATCH-UPD
_b10
_c20141002
_lUCH01
_h0838
590 _aCONVERSION
_b10
_c20130109
_lUCH01
_h1353
650 1 4 _aAgricultura de temporal.
_91999
650 1 4 _aMaíz
_xConsumo.
650 1 7 _aMaíz
_xCostos de producción
_2
_970915
650 1 4 _aMaíz
_xIrrigación.
_970998
650 1 4 _aMaíz
_xRendimiento.
_971051
856 _3Finding aid
_uhttp://10.13.5.2/tesis/107427.pdf
_zTeclea aqui
901 _aBK
942 _cFOLL
949 _aTesis
_bBC
_cTES
_d33724002085835
_eTS2
_fc.2
_gDonaciØn
_h48665
_i107427
_sb
949 _aTesis
_bBC
_cTES
_d33724002085876
_eTS1
_gDonaciØn
_h48664
_i107427
_sb
999 _c95799
_d95799